00570nam a2200229Ia 4500003000900000008004100009040001300050040001300063041000800076100002100084100001000105245009900115250001200214260000800226260000900234300001100243300001000254490003200264490000600296700001700302700002100319IT-RoPAU120407s9999 xx 000 0 und d aIT-RoPAU cIT-RoPAU aita aLorenzo Dattrino ccoll. aLa spiritualità dei Padri. II e V secolo. Martirio- Verginità- gnosi cristiana . nuova ed. aBologna aEDB c1984 a229 p. c22 cm aStoria della spiritualità v3 aLouis Bouyer aLorenzo Dattrino